| 000 | 00689nam a2200169 a 4500 | ||
|---|---|---|---|
| 008 | 120416s1980 ||||||||||||||||| || u | ||
| 020 | _a0442307519 | ||
| 050 | _aTA 683.2 Kon | ||
| 100 | _aKong, F. K | ||
| 245 | 1 | 0 | _aReinforced and prestressed concrete. (2nd ed.) |
| 250 | _a2nd ed. | ||
| 260 |
_aBerkshire _bVan Nostrand _c1980 |
||
| 300 | _axvi, 412p. : ill. | ||
| 350 | _a0.00 | ||
| 995 |
_aBINDERY (DAMAGED) _D0.00 _e709238 _FCBU-MAIN LIBRARY (Kitwe) _H2 _I11.50 _jTA 683.2 Kon _M1 _UDAMAGED _y013879 _ZMain Library Open Access Collection |
||
| 995 |
_aBINDERY (DAMAGED) _D0.00 _e708308 _FCBU-MAIN LIBRARY (Kitwe) _H1 _I11.50 _jTA 683.2 Kon _M2 _UDAMAGED _y708308 _ZMain Library Open Access Collection |
||
| 999 |
_c80028 _d80028 |
||